LEADER 01497nam a2200337 u 4500 001 000000016859 003 CaOOAMICUS 005 20070226110036.0 008 940517s1976 it u000 u ita u 035 $a10394552 040 $aPUL(R)$bita 041 1 $aita$hgrc 100 0 $aAristoteles,$d384-322 a.C.$0(OLS)http://pul/name/792 240 10$aDe generatione et corruptione$9(Aristoteles, 384-322 a.C.).$lItaliano.$0(OLS)http://pul/title/24088 245 13$aLa generazione e la corruzione /$cAristotele ; traduzione, introduzione e commento di Maurizio Migliori. 260 $aNapoli :$bL. Loffredo,$c1976. 300 $a289 p. ;$c24 cm 490 1 $aFilosofi antichi ;$v6 500 $aComprende indici. 504 $aBibliografia: p. 269-280. 600 04$aAristoteles,$d384-322 a.C.$tDe generatione et corruptione$9(Aristoteles, 384-322 a.C.)$lItaliano.$0(OLS)http://pul/subject/11971 700 1 $aMigliori, Maurizio.$0(OLS)http://pul/name/5029 830 0$aFilosofi antichi ;$v6.$0(OLS)http://pul/title/24087 850 $aPUL 852 $aPUL$W1$xSL Filosofia 2$y80$mPhil D1 3.6$j23740$nBK-PRI$b $qStampati altre collocazioni$B23740$CPULBib$Z2$F23740 $H $81 900 $aAristotle,$d 384-322 a.C.$9792 900 $aAristotele,$d384-322 a.C.$9792 941 1 $a10 961 $aINV: 53987 996 $6245$aLa generazione e la corruzione$9(OLS)http://pul/title/24089 996 $6260$aNapoli :$bL. Loffredo$9(OLS)http://pul/publisher/47869 LEADER 01149nam a2200301 u 4500 001 000000059936 003 CaOOAMICUS 005 20070226120845.0 008 010709s1991 it u000 u ita u 020 $a8838417016 035 $a10896543 040 $aPUL(R)$bita$dMSA 100 1 $aLambiasi, Francesco.$0(OLS)http://pul/name/9269 245 13$aLa Bibbia :$bintroduzione generale /$cFrancesco Lambiasi. 250 $a1. ed. 260 $aCasale Monferrato :$bPiemme,$cc1991. 300 $a127 p. ;$c21 cm 490 1 $aManuali di base ;$v1 504 $aBibliografia: p. [127]. 630 04$aBiblia$xIntroduzioni.$0(OLS)http://pul/subject/1614 830 0$aManuali di base (Piemme) ;$v1.$0(OLS)http://pul/title/8595 850 $aPUL 852 $aPUL$W1$xSL Religione 1$y3$m57 A 34$j78113$nBK-PRI$b $qStampati$B78113$CPULBib$Z2$F78113 $H $81 941 1 $a8 961 $aINV: 67198 996 $6020$a8838417016$9(OLS)http://pul/number/76688 996 $6245$aLa Bibbia :$bintroduzione generale$9(OLS)http://pul/title/80181 996 $6260$aCasale Monferrato :$bPiemme$9(OLS)http://pul/publisher/51813